Solve the Secret Cricketer - Statistics

General Stats
  • This quiz has been taken 4,949 times
  • The average score is 10 of 21
Answer Stats
Scramble Cricketer % Correct
AALR Lara
99%
AHKN Khan
97%
GINNOPT Ponting
67%
AEGLY Gayle
63%
AENRW Warne
62%
ADEKLNRTU Tendulkar
55%
AAKMR Akram
53%
AABDMNR Bradman
50%
ADDIRV Dravid
49%
CCLLMMUU McCullum
44%
EIORTTV Vettori
43%
DEEIILLRSV {de} {Villiers}
40%
EEILLL Lillee
39%
CKLLOOP Pollock
38%
ADEEHL Hadlee
35%
ABHMOT Botham
32%
AAAHILMNRRTU Muralitharan
27%
INOSUY Younis
27%
ADHILNS Dilshan
22%
ABEMORS Ambrose
15%
Secret Cricketer CHANDERPAUL
10%
No matching quizzes found
Score Distribution
Percent of People with Each Score
Percentile by Number Answered
Your Score History
You have not taken this quiz